EA Sports FC 25 Top Player from Each Country - Statistics

General Stats
  • This quiz has been taken 5,527 times
    2,448 since last reset
  • The average score is 45 of 92
Answer Stats
Nation OVR Player Club % Correct
Belgium 90 Kevin De Bruyne Manchester City
92%
Argentina 89 Lautaro Martínez Inter Milan
92%
Brazil 90 Vinícius Júnior Real Madrid
92%
France 91  Kylian Mbappé Real Madrid
89%
England 90 Jude Bellingham Real Madrid
88%
Croatia 86 Luka Modrić Real Madrid
87%
Egypt 89 Mohamed Salah Liverpool
87%
Austria 85 David Alaba Real Madrid
86%
Portugal 88 Rúben Dias Manchester City
86%
Canada 82 Alphonso Davies Bayern Munich
85%
Colombia 84 Luis Díaz Liverpool
85%
Norway 91 Erling Haaland Manchester City
84%
Algeria 85 Riyad Mahrez Al-Ahli
84%
Germany 89 Marc-André ter Stegen Barcelona
83%
Spain 91 Rodri Manchester City
83%
South Korea 87 Heung-min Son Tottenham Hotspur
82%
Italy 89 Gianluigi Donnarumma Paris Saint-Germain
81%
Netherlands 89 Virgil van Dijk Liverpool
81%
Poland 88 Robert Lewandowski Barcelona
80%
Sweden 85 Alexander Isak Newcastle United
78%
Uruguay 88 Federico Valverde Real Madrid
78%
Scotland 85 Andrew Robertson Liverpool
77%
Georgia 85 Khvicha Kvaratskhelia Napoli
77%
Cameroon 83 André Onana Manchester United
76%
United States 83 Christian Pulisic Milan
75%
Denmark 83 Andreas Christensen Barcelona
74%
Slovenia 88 Jan Oblak Atlético Madrid
74%
Ecuador 82 Moisés Caicedo Chelsea
74%
Nigeria 87 Victor Osimhen Galatasaray
74%
Bosnia and Herzegovina 83 Edin Džeko Fenerbahçe
72%
Chile 77 Paulo Díaz River Plate
70%
Switzerland 88 Gregor Kobel Borussia Dortmund
69%
Turkey 86 Hakan Çalhanoğlu Inter Milan
68%
Serbia 85 Sergej Milinković-Savić Al Hilal
66%
Czech Republic 82 Patrik Schick Bayer Leverkusen
65%
Gabon 82 Pierre-Emerick Aubameyang Al Qadsiah
64%
Armenia 83 Henrikh Mkhitaryan Inter Milan
63%
Ghana 82 Mohammed Kudus West Ham United
63%
Jamaica 82 Leon Bailey Aston Villa
61%
Finland 84 Lukáš Hrádecký Bayer Leverkusen
61%
Iran 80 Mehdi Taremi Inter Milan
60%
Morocco 84 Yassine Bounou Al Hilal
60%
Guinea 84 Serhou Guirassy Borussia Dortmund
58%
Burkina Faso 83 Edmond Tapsoba Bayer Leverkusen
57%
Ukraine 84 Artem Dovbyk Roma
56%
Senegal 84 Kalidou Koulibaly Al Hilal
55%
Mexico 81 Edson Álvarez West Ham United
53%
Hungary 83 Willi Orbán RB Leipzig
52%
New Zealand 76 Chris Wood Nottingham Forest
51%
Russia 81 Alexandr Golovin Monaco
48%
Montenegro 81 Stefan Savić Trabzonspor
46%
Wales 78 Brennan Johnson Tottenham Hotspur
45%
Slovakia 82 Stanislav Lobotka Napoli
45%
Republic of Ireland 77 Caoimhín Kelleher Liverpool
44%
Northern Ireland 75 Conor Bradley Liverpool
43%
Japan 81 Daichi Kamada Crystal Palace
43%
Central African Republic 79 Geoffrey Kondogbia Marseille
42%
Mali 80 Yves Bissouma Tottenham Hotspur
42%
Côte d'Ivoire 82 Franck Kessié Al-Ahli
39%
Australia 78 Mathew Ryan Roma
37%
Mozambique 80 Reinildo Atlético Madrid
35%
Saudi Arabia 80 Salem Al Dawsari Al Hilal
33%
Greece 80 Vangelis Pavlidis Benfica
33%
Albania 78 Berat Djimsiti Atalanta
28%
Kosovo 80 Vedat Muriqi Mallorca
26%
Tunisia 81 Ellyes Skhiri Eintracht Frankfurt
20%
Suriname 76 Sheraldo Becker Real Sociedad
20%
Venezuela 82 Yangel Herrera Girona
20%
Iceland 80 Albert Guðmundsson Fiorentina
18%
Libya 80 Ali Al Musrati Beşiktaş
16%
Angola 78 M'Bala Nzola Lens
16%
Malta 78 Teddy Teuma Reims
15%
Romania 77 Nicolae Stanciu Damac
14%
Gambia 76 Musa Barrow Al Taawoun
12%
Democratic Republic of Congo 80 Simon Banza Braga
12%
North Macedonia 79 Stole Dimitrievski Valencia
9%
Luxembourg 76 Leandro Barreiro Martins Benfica
8%
Equatorial Guinea 75 Saúl Coco Torino
8%
Benin 76 Steve Mounié Augsburg
8%
Peru 77 André Carrillo Al Qadsiah
7%
Trinidad and Tobago 78 Levi García AEK Athens
7%
Jordan 75 Musa Al Tamari Montpellier
7%
Burundi 76 Youssouf Ndayishimiye Nice
7%
Bulgaria 77 Kiril Despodov PAOK
6%
Paraguay 79 Kaku Al Ain
5%
Liberia 78 Oscar Dorley Slavia Prague
5%
Cape Verde 75 Bruno Varela Vitória
4%
Togo 78 Kodjo Fo-Doh Laba Al Ain
4%
Zimbabwe 76 Marshall Munetsi Reims
4%
Mauritania 75 Aboubakary Koita AEK Athens
3%
Zambia 76 Fashion Sakala Al-Fayha
3%
Israel 76 Mohammed Abu Fani Ferencváros
3%
No matching quizzes found
Score Distribution
Percent of People with Each Score
Percentile by Number Answered
Your Score History
You have not taken this quiz since the last reset